MARC details
| 000 -CABECERA |
| campo de control de longitud fija |
01441nam a2200337 i 4500 |
| 001 - NÚMERO DE CONTROL |
| campo de control |
000026677 |
| 003 - IDENTIFICADOR DEL NÚMERO DE CONTROL |
| campo de control |
DO-SdBNP |
| 005 - FECHA Y HORA DE LA ÚLTIMA TRANSACCIÓN |
| campo de control |
20240930131239.0 |
| 006 - CÓDIGOS DE INFORMACIÓN DE LONGITUD FIJA--CARACTERÍSTICAS DEL MATERIAL ADICIONAL |
| campo de control de longitud fija |
a||||gr|||| 00| 0 |
| 007 - CAMPO FIJO DE DESCRIPCIÓN FÍSICA--INFORMACIÓN GENERAL |
| campo de control de longitud fija |
ta |
| 008 - DATOS DE LONGITUD FIJA--INFORMACIÓN GENERAL |
| campo de control de longitud fija |
110324e1951 dr a 000 | spa d |
| 040 ## - FUENTE DE LA CATALOGACIÓN |
| Centro catalogador/agencia de origen |
DO-SdBNP |
| Lengua de catalogación |
spa |
| Centro/agencia transcriptor |
BNPHU |
| Normas de descripción |
rda |
| 082 #4 - NÚMERO DE LA CLASIFICACIÓN DECIMAL DEWEY |
| Número de edición |
22 |
| Número de documento/Ítem |
T866c 1951 |
| 100 1# - ENTRADA PRINCIPAL--NOMBRE DE PERSONA |
| Nombre de persona |
Trujillo Molina, Rafael Leónidas, |
| Fechas asociadas al nombre |
1891-1961 |
| Término indicativo de función/relación |
autor |
| 9 (RLIN) |
76764 |
| 245 10 - MENCIÓN DE TÍTULO |
| Título |
Cartilla cívica para el pueblo dominicano. / |
| Mención de responsabilidad, etc. |
Rafael L. Trujillo; ilustraciones de José Vela Zanetti (V. Z), Yoryi Morel (Y. M.), José Gausach (J. G.), Hernández Ortega (H. O.) y Silvano Lora (S. L.); compilación gráfico-literaria de Mnauel E. Suncar Chevalier. |
| 250 ## - MENCIÓN DE EDICIÓN |
| Mención de edición |
6a. edición |
| 264 ## - PRODUCCIÓN, PUBLICACIÓN, DISTRIBUCIÓN, FABRICACIÓN Y COPYRIGHT |
| Producción, publicación, distribución, fabricación y copyright |
Ciudad Trujillo, República Dominicana : |
| Nombre del de productor, editor, distribuidor, fabricante |
Secretaría de Estado de Educación y Bellas Artes, |
| Fecha de producción, publicación, distribución, fabricación o copyright |
1951 |
| 300 ## - DESCRIPCIÓN FÍSICA |
| Extensión |
50 páginas : |
| Otras características físicas |
Ilustraciones, mapa, retrto ; |
| Dimensiones |
20 cm. |
| 336 ## - TIPO DE CONTENIDO |
| Fuente |
rdacontent |
| Término de tipo de contenido |
texto |
| Código de tipo de contenido |
txt |
| 337 ## - TIPO DE MEDIO |
| Fuente |
rdamedia |
| Nombre/término del tipo de medio |
sin mediación |
| Código del tipo de medio |
n |
| 338 ## - TIPO DE SOPORTE |
| Fuente |
rdacarrier |
| Nombre/término del tipo de soporte |
volumen |
| Código del tipo de soporte |
nc |
| 590 ## - NOTA LOCAL (RLIN) |
| Nota local |
Inventariado 2023 / MF |
| 700 1# - PUNTO DE ACCESO ADICIONAL--NOMBRE DE PERSONA |
| Nombre de persona |
Vela Zanetti, José, |
| 9 (RLIN) |
58927 |
| Término indicativo de función/relación |
ilustrador |
| 700 1# - PUNTO DE ACCESO ADICIONAL--NOMBRE DE PERSONA |
| Nombre de persona |
Yoryi, Morel, |
| Término indicativo de función/relación |
ilustrador |
| 9 (RLIN) |
84157 |
| 700 1# - PUNTO DE ACCESO ADICIONAL--NOMBRE DE PERSONA |
| Nombre de persona |
Gausachs, Josep, |
| Fechas asociadas al nombre |
1889-1959 |
| 9 (RLIN) |
57617 |
| Término indicativo de función/relación |
ilustrador |
| 700 1# - PUNTO DE ACCESO ADICIONAL--NOMBRE DE PERSONA |
| Nombre de persona |
Hernández Ortega, Gilberto, |
| Fechas asociadas al nombre |
1924-1978 |
| 9 (RLIN) |
25201 |
| Término indicativo de función/relación |
ilustrador |
| 700 1# - PUNTO DE ACCESO ADICIONAL--NOMBRE DE PERSONA |
| Nombre de persona |
Lora, Silvano, |
| 9 (RLIN) |
45559 |
| Término indicativo de función/relación |
ilustrador |
| 700 1# - PUNTO DE ACCESO ADICIONAL--NOMBRE DE PERSONA |
| Nombre de persona |
Suncar Chevalier, Manauel E., |
| Término indicativo de función/relación |
compilador |
| 9 (RLIN) |
84158 |
| 910 ## - DATOS DE OPCIÓN DEL USUARIO (OCLC) |
| Datos de opción del usuario |
MF |
| 942 ## - ELEMENTOS DE PUNTO DE ACCESO ADICIONAL (KOHA) |
| Fuente del sistema de clasificación o colocación |
Dewey Decimal Classification |
| Tipo de ítem Koha |
Libro |